World Series Roster - 2025 Los Angeles Dodgers - Statistics

General Stats
  • This quiz has been taken 444 times
  • The average score is 19 of 30
Answer Stats
Answer % Correct
Will Smith
98%
Mookie Betts
95%
Shohei Ohtani
94%
Shohei Ohtani
94%
Freddie Freeman
93%
Teoscar Hernández
86%
Kiké Hernández
85%
Kiké Hernández
85%
Max Muncy
85%
Yoshinobu Yamamoto
85%
Andy Pages
77%
Miguel Rojas
74%
Blake Snell
72%
Tyler Glasnow
69%
Tommy Edman
68%
Tommy Edman
68%
Clayton Kershaw
61%
Roki Sasaki
61%
Will Klein
51%
Hyeseong Kim
50%
Hyeseong Kim
50%
Blake Treinen
49%
Justin Dean
46%
Anthony Banda
42%
Alex Call
41%
Ben Rortvedt
40%
Justin Wrobleski
40%
Emmet Sheehan
36%
Edgardo Henriquez
27%
Jack Dreyer
24%
No matching quizzes found
Score Distribution
Percent of People with Each Score
Percentile by Number Answered
Your Score History
You have not taken this quiz